Les lieux de la politique. Citoyenneté, démocratie, périphérie (notice n° 1756129)

détails MARC
000 -LEADER
fixed length control field 01677cam a2200193 4500500
005 - DATE AND TIME OF LATEST TRANSACTION
control field 20260322010359.0
041 ## - LANGUAGE CODE
Language code of text/sound track or separate title fre
042 ## - AUTHENTICATION CODE
Authentication code dc
100 10 - MAIN ENTRY--PERSONAL NAME
Personal name Balibar, Étienne
Relator term author
245 00 - TITLE STATEMENT
Title Les lieux de la politique. Citoyenneté, démocratie, périphérie
260 ## - PUBLICATION, DISTRIBUTION, ETC.
Date of publication, distribution, etc. 2020.<br/>
500 ## - GENERAL NOTE
General note 19
520 ## - SUMMARY, ETC.
Summary, etc. À partir d’une enquête intitulée « Immigrés chinois à Paris et en région parisienne » menée en 2020-2021, cet article s’intéresse aux liens sociaux en tant que ressource au fil du parcours migratoire. Il s’appuie sur le volet qualitatif de l’enquête qui repose sur la réalisation d’entretiens semi-directifs. L’article apporte un éclairage sur la relation entre la composition des liens tissés par les enquêtés et leurs objectifs en matière d’intégration, qui peuvent se limiter à la dimension économique ou s’étendre à la sphère sociale, par une recherche de mixité de leur entourage. Les résultats montrent également que les ressources potentiellement procurées par l’entre-soi ethnique ne sont pas forcément un atout, notamment dans le cadre de relations verticales. Enfin, l’article montre que sortir de l’entre-soi ethnique peut aussi être un moyen de s’émanciper des normes sociales chinoises, susceptibles de se perpétuer en contexte migratoire, en particulier dans le monde du travail.
700 10 - ADDED ENTRY--PERSONAL NAME
Personal name Bouillon, Florence
Relator term author
700 10 - ADDED ENTRY--PERSONAL NAME
Personal name Carton de Grammont, Sarah
Relator term author
700 10 - ADDED ENTRY--PERSONAL NAME
Personal name Naepels, Michel
Relator term author
786 0# - DATA SOURCE ENTRY
Note Monde commun | 4 | 1 | 2020-05-27 | p. 10-33 | 2648-2339
856 41 - ELECTRONIC LOCATION AND ACCESS
Uniform Resource Identifier <a href="https://shs.cairn.info/revue-monde-commun-2020-1-page-10?lang=fr&redirect-ssocas=7080">https://shs.cairn.info/revue-monde-commun-2020-1-page-10?lang=fr&redirect-ssocas=7080</a>

Pas d'exemplaire disponible.

PLUDOC

PLUDOC est la plateforme unique et centralisée de gestion des bibliothèques physiques et numériques de Guinée administré par le CEDUST. Elle est la plus grande base de données de ressources documentaires pour les Étudiants, Enseignants chercheurs et Chercheurs de Guinée.

Adresse

627 919 101/664 919 101

25 boulevard du commerce
Kaloum, Conakry, Guinée

Réseaux sociaux

Powered by Netsen Group @ 2025